[Event "World Senior Team ch 1st"]
[Site "Port Erin IOM"]
[Date "2004.10.08"]
[Round "4.2"]
[White "Tseitlin, Mark"]
[Black "Hecht, Hans-Joachim"]
[Result "1-0"]
[WhiteElo "2406"]
[BlackElo "2389"]
[PlyCount "93"]
[EventDate "2004.10.05"]
[EventType "team-swiss"]
[EventRounds "8"]
[EventCountry "ENG"]
[SourceDate "2014.04.29"]
[WhiteTeam "Israel"]
[BlackTeam "Germany"]
[WhiteTeamCountry "ISR"]
[BlackTeamCountry "GER"]

1. e4 e5 2. Nf3 Nc6 3. Bb5 Nf6 4. O-O Bc5 5. c3 O-O 6. d4 Bb6 7. Bg5 h6 8. Bh4
d6 9. Qd3 Qe7 10. Re1 Nb8 11. Nbd2 c6 12. Bc4 Nbd7 13. Bb3 Re8 14. Rad1 Qf8 15.
Nc4 Bc7 16. Bc2 Nh5 17. b4 Nf4 18. Qd2 Nb6 19. Ne3 Be6 20. Bb3 Bxb3 21. axb3 a5
22. bxa5 Rxa5 23. c4 Rea8 24. Nf5 f6 25. Bg3 Ra2 26. Qe3 Ne6 27. h4 h5 28. c5
exd4 29. N3xd4 Nxc5 30. b4 R8a3 31. Qxa3 Rxa3 32. bxc5 Nd7 33. Ne6 Qf7 34. Nxc7
Rxg3 35. fxg3 Nxc5 36. Na8 Qa2 37. Nb6 Qc2 38. Nd4 Qc3 39. Nc8 Qxg3 40. Nf5 Qc3
41. Ncxd6 g6 42. e5 fxe5 43. Ne7+ Kg7 44. Rf1 Qe3+ 45. Kh2 Qb3 46. Ne8+ Kh6 47.
Rf8 1-0

[Event "World Senior Team ch 1st"]
[Site "Port Erin IOM"]
[Date "2004.10.08"]
[Round "4.2"]
[White "Vucenovic, Dragomir"]
[Black "James, Geoffrey H"]
[Result "1-0"]
[WhiteElo "2302"]
[BlackElo "2224"]
[PlyCount "83"]
[EventDate "2004.10.05"]
[EventType "team-swiss"]
[EventRounds "8"]
[EventCountry "ENG"]
[SourceDate "2014.04.29"]
[WhiteTeam "Switzerland"]
[BlackTeam "England"]
[WhiteTeamCountry "SUI"]
[BlackTeamCountry "ENG"]

1. d4 Nf6 2. g3 e6 3. Bg2 d5 4. Nf3 Be7 5. O-O O-O 6. c4 c6 7. Nc3 Nbd7 8. b3
b6 9. Bb2 Bb7 10. Rc1 Rc8 11. a3 Bd6 12. Re1 Re8 13. Nd2 e5 14. cxd5 cxd5 15.
Nb5 Bb8 16. dxe5 Nxe5 17. Nf3 Nxf3+ 18. Bxf3 Ne4 19. Nd4 Qd7 20. Qd3 Qh3 21.
Bg2 Qh5 22. Nf3 Nc5 23. Qd4 f6 24. b4 Ne6 25. Qd3 Red8 26. Qb3 Qf7 27. Bh3 Rxc1
28. Rxc1 Re8 29. Rd1 Qg6 30. Bg2 Rd8 31. Nh4 Qh5 32. Bf3 Qg5 33. Ng2 Kf8 34. e4
Nc7 35. Nf4 d4 36. Rxd4 Rxd4 37. Bxd4 f5 38. e5 Bxf3 39. Qxf3 Qd8 40. Qb7 g5
41. Ne2 Ne6 42. Qxh7 1-0

[Event "World Senior Team ch 1st"]
[Site "Port Erin IOM"]
[Date "2004.10.08"]
[Round "4.3"]
[White "Edwards, Raymond B"]
[Black "Smith, Ivor BN"]
[Result "1/2-1/2"]
[WhiteElo "2119"]
[BlackElo "1928"]
[PlyCount "58"]
[EventDate "2004.10.05"]
[EventType "team-swiss"]
[EventRounds "8"]
[EventCountry "ENG"]
[SourceDate "2014.04.29"]
[WhiteTeam "England II"]
[BlackTeam "Essex"]
[WhiteTeamCountry "ENG"]
[BlackTeamCountry "ENG"]

1. d4 Nf6 2. c4 g6 3. Nc3 Bg7 4. e4 d6 5. Nf3 O-O 6. Be2 Na6 7. O-O e5 8. Be3
exd4 9. Nxd4 Re8 10. f3 c6 11. Bf2 d5 12. cxd5 cxd5 13. Bb5 Bd7 14. Bxa6 bxa6
15. exd5 Rb8 16. Qd2 Rb7 17. Rfd1 Qa5 18. Nb3 Qb4 19. Bc5 Qh4 20. Qf2 Qxf2+ 21.
Bxf2 a5 22. Nxa5 Rxb2 23. Rab1 Rxb1 24. Nxb1 a6 25. Nb3 Bf8 26. Bc5 Ba4 27.
Bxf8 Kxf8 28. Nc3 Bxb3 29. axb3 Rb8 1/2-1/2

[Event "World Senior Team ch 1st"]
[Site "Port Erin IOM"]
[Date "2004.10.08"]
[Round "4.3"]
[White "Mehra, Suman"]
[Black "Rety, John"]
[Result "0-1"]
[WhiteElo "1000"]
[BlackElo "2001"]
[PlyCount "40"]
[EventDate "2004.10.05"]
[EventType "team-swiss"]
[EventRounds "8"]
[EventCountry "ENG"]
[SourceDate "2014.04.29"]
[WhiteTeam "Black and White Magazine"]
[BlackTeam "Britain 3"]
[WhiteTeamCountry "IND"]
[BlackTeamCountry "GBR"]

1. e4 c6 2. d4 d5 3. Nc3 dxe4 4. Nxe4 Bf5 5. Ng3 Bg6 6. c3 Qb6 7. Bd3 Nd7 8.
Bxg6 hxg6 9. N1e2 O-O-O 10. Be3 Qa6 11. b4 e5 12. d5 Ndf6 13. c4 Qxc4 14. Bxa7
Rxd5 15. Qc1 Bxb4+ 16. Qd2 Rxd2 17. Rd1 Rxe2+ 18. Kf1 Rd2+ 19. Ke1 Rxa2+ 20.
Rd2 Ra1# 0-1

[Event "World Senior Team ch 1st"]
[Site "Port Erin IOM"]
[Date "2004.10.08"]
[Round "4.3"]
[White "Richardson, Keith"]
[Black "Bhend, Edwin"]
[Result "1/2-1/2"]
[WhiteElo "2220"]
[BlackElo "2246"]
[PlyCount "45"]
[EventDate "2004.10.05"]
[EventType "team-swiss"]
[EventRounds "8"]
[EventCountry "ENG"]
[SourceDate "2014.04.29"]
[WhiteTeam "England"]
[BlackTeam "Switzerland"]
[WhiteTeamCountry "ENG"]
[BlackTeamCountry "SUI"]

1. c4 f5 2. Nf3 Nf6 3. g3 g6 4. Bg2 Bg7 5. O-O O-O 6. Nc3 c6 7. d3 d6 8. e4 Na6
9. a3 fxe4 10. dxe4 Nc5 11. Qe2 Bg4 12. h3 Bxf3 13. Bxf3 Nb3 14. Rb1 Nd4 15.
Qd1 Nd7 16. Be2 Nc5 17. f3 Ncb3 18. Be3 Qd7 19. Kg2 Rf7 20. Qd3 Nc5 21. Qd2
Ncb3 22. Qd3 Nc5 23. Qd2 1/2-1/2

[Event "World Senior Team ch 1st"]
[Site "Port Erin IOM"]
[Date "2004.10.08"]
[Round "4.3"]
[White "Robertson, Alan B"]
[Black "Hangelbroek, Pieter"]
[Result "0-1"]
[WhiteElo "1464"]
[BlackElo "1803"]
[PlyCount "64"]
[EventDate "2004.10.05"]
[EventType "team-swiss"]
[EventRounds "8"]
[EventCountry "ENG"]
[SourceDate "2014.04.29"]
[WhiteTeam "Chessmann"]
[BlackTeam "South Africa"]
[WhiteTeamCountry "IOM"]
[BlackTeamCountry "RSA"]

1. e4 Nf6 2. d3 d5 3. e5 Nfd7 4. Nf3 e6 5. g3 c5 6. c3 Nc6 7. Qe2 Be7 8. h4 h6
9. Bf4 b5 10. Bg2 Qb6 11. O-O b4 12. Re1 Rb8 13. Nbd2 bxc3 14. bxc3 Qa5 15.
Reb1 Qxc3 16. Nb3 Ba6 17. Nc1 Nd4 18. Qd1 Nxf3+ 19. Bxf3 g5 20. Rxb8+ Nxb8 21.
Rb1 O-O 22. hxg5 hxg5 23. Rb3 Qa5 24. Bd2 Qc7 25. Qe1 Nc6 26. Ra3 Nd4 27. Bd1
Bb5 28. Qe3 Nc6 29. f4 c4 30. f5 Qxe5 31. Qxe5 Nxe5 32. Rxa7 Bc5+ 0-1

[Event "World Senior Team ch 1st"]
[Site "Port Erin IOM"]
[Date "2004.10.08"]
[Round "4.4"]
[White "Corish, Aidan"]
[Black "Williams, Chris"]
[Result "0-1"]
[WhiteElo "1864"]
[BlackElo "1968"]
[PlyCount "108"]
[EventDate "2004.10.05"]
[EventType "team-swiss"]
[EventRounds "8"]
[EventCountry "ENG"]
[SourceDate "2014.04.29"]
[WhiteTeam "Essex"]
[BlackTeam "England II"]
[WhiteTeamCountry "ENG"]
[BlackTeamCountry "ENG"]

1. Nf3 Nf6 2. g3 g6 3. Bg2 Bg7 4. O-O O-O 5. d4 d6 6. Nbd2 Nbd7 7. e4 e5 8.
dxe5 dxe5 9. Qe2 b6 10. Rd1 Qe7 11. b3 Bb7 12. Bb2 Rfd8 13. Rab1 a5 14. a4 h6
15. Nh4 Ba6 16. c4 Nc5 17. Ba3 Bf8 18. Nhf3 Bb7 19. Ne1 Qe8 20. Bxc5 Bxc5 21.
Nd3 Bf8 22. Nf1 Rd4 23. f3 Nd7 24. Ne3 c6 25. Nc2 Rd6 26. Bh3 Nc5 27. Nxc5
Rxd1+ 28. Rxd1 Bxc5+ 29. Kf1 Rd8 30. Rd2 Qe7 31. Qd1 Rxd2 32. Qxd2 Qd6 33. Qxd6
Bxd6 34. Ke2 Kf8 35. Bf1 Ke7 36. Kd3 Bc5 37. Ne3 Kd6 38. Nd1 Bg1 39. h3 Bh2 40.
g4 Bg1 41. Nc3 Kc5 42. Be2 Kb4 43. Bd1 Bd4 44. Ne2 Bf2 45. Nc3 {(=)} Bc8 46.
Nb1 Bd7 47. Nc3 Be1 48. Nb1 b5 49. axb5 cxb5 50. Ke2 Bg3 51. Nd2 Bf4 52. Kd3
Bxd2 53. Kxd2 bxc4 54. bxc4 Kxc4 0-1

[Event "World Senior Team ch 1st"]
[Site "Port Erin IOM"]
[Date "2004.10.08"]
[Round "4.4"]
[White "Fereday, Andrew"]
[Black "Hooper, Dennis"]
[Result "1-0"]
[WhiteElo "1693"]
[BlackElo "1184"]
[PlyCount "87"]
[EventDate "2004.10.05"]
[EventType "team-swiss"]
[EventRounds "8"]
[EventCountry "ENG"]
[SourceDate "2014.04.29"]
[WhiteTeam "South Africa"]
[BlackTeam "Chessmann"]
[WhiteTeamCountry "RSA"]
[BlackTeamCountry "IOM"]

1. e4 e5 2. Nf3 Nc6 3. d4 exd4 4. Bc4 Bc5 5. c3 Qe7 6. O-O a6 7. cxd4 Bb6 8.
Nc3 d6 9. Nd5 Qd7 10. Re1 Nge7 11. h3 O-O 12. Nc3 Ng6 13. Be3 Nce7 14. Qc2 c6
15. Rad1 d5 16. Bd3 Bc7 17. e5 Qd8 18. Bg5 Re8 19. Re2 Be6 20. Na4 Qc8 21. g4
Bxg4 22. Bxe7 Bxf3 23. Bf5 Be4 24. Bxc8 Bxc2 25. Rxc2 Raxc8 26. Bg5 h6 27. Be3
Nh4 28. Nc5 Bb8 29. Nxb7 Re6 30. Rdc1 Rg6+ 31. Kf1 Nf3 32. Nc5 Ba7 33. Ke2 Nh4
34. Nxa6 Nf5 35. Nc5 Ne7 36. Nd3 Nf5 37. Nc5 Nxe3 38. Kxe3 Re8 39. Nd3 Rc8 40.
Nf4 Rg5 41. Kd3 c5 42. Nxd5 Rd8 43. Ne7+ Kh7 44. Nc6 1-0

[Event "World Senior Team ch 1st"]
[Site "Port Erin IOM"]
[Date "2004.10.08"]
[Round "4.4"]
[White "Illi, Hans-Joerg"]
[Black "Wheeler, John"]
[Result "1-0"]
[WhiteElo "2173"]
[BlackElo "2209"]
[PlyCount "99"]
[EventDate "2004.10.05"]
[EventType "team-swiss"]
[EventRounds "8"]
[EventCountry "ENG"]
[SourceDate "2014.04.29"]
[WhiteTeam "Switzerland"]
[BlackTeam "England"]
[WhiteTeamCountry "SUI"]
[BlackTeamCountry "ENG"]

1. d4 d5 2. Nf3 Nf6 3. c3 g6 4. Bg5 Nbd7 5. Nbd2 Bg7 6. e3 b6 7. Be2 Bb7 8. O-O
O-O 9. Bh4 Qe8 10. Bg3 Rc8 11. h3 Ne4 12. Bh2 e5 13. Nxe4 dxe4 14. Nxe5 Nxe5
15. dxe5 Rd8 16. Qc2 Bxe5 17. Bxe5 Qxe5 18. Rad1 a5 19. Rd4 c5 20. Rd2 Qc7 21.
Rfd1 Bc6 22. Bc4 Rxd2 23. Qxd2 b5 24. Bd5 Kg7 25. b3 Rd8 {(=)} 26. c4 b4 27.
Qc2 Re8 28. Qb2+ f6 29. Bxc6 Qxc6 30. Rd5 Re7 31. Qd2 Kf7 32. Rd6 Qb7 33. h4 h5
34. g3 Kg7 35. Qd5 Qa7 36. Qc6 Rf7 37. Re6 Qd7 38. Rd6 Qa7 39. Kf1 Rc7 40. Qxe4
a4 41. Qe6 Rf7 42. Ra6 Qb7 43. e4 axb3 44. axb3 Qc7 45. Kg2 Qd8 46. e5 fxe5 47.
Qxg6+ Kf8 48. Qh6+ Rg7 49. Qh8+ Rg8 50. Qxe5 1-0

[Event "World Senior Team ch 1st"]
[Site "Port Erin IOM"]
[Date "2004.10.08"]
[Round "4.4"]
[White "Profaizer, Gino"]
[Black "Benson, Lachlan"]
[Result "1/2-1/2"]
[WhiteElo "1990"]
[BlackElo "1955"]
[PlyCount "167"]
[EventDate "2004.10.05"]
[EventType "team-swiss"]
[EventRounds "8"]
[EventCountry "ENG"]
[SourceDate "2014.04.29"]
[WhiteTeam "Italy"]
[BlackTeam "Australia"]
[WhiteTeamCountry "ITA"]
[BlackTeamCountry "AUS"]

1. d4 d5 2. c4 Nf6 3. cxd5 Nxd5 4. e4 Nb6 5. Nc3 e6 6. Nf3 Be7 7. Bf4 Bd6 8.
Bg5 Be7 9. Bxe7 Qxe7 10. Bd3 c5 11. O-O cxd4 12. Nxd4 O-O 13. Qc2 Rd8 14. Nb3
Nc6 15. a3 e5 16. Nd5 Qg5 17. f4 exf4 18. Nxf4 Ne5 19. Nc5 Bg4 20. Be2 Rac8 21.
b4 Nbd7 22. Bxg4 Nxg4 23. Nd5 Qe5 24. g3 b6 25. Qe2 h5 26. Nxd7 Rxd7 27. Rae1
Re8 28. Qc4 h4 29. Kg2 h3+ 30. Kg1 Qb2 31. Re2 Ne5 32. Qa2 Qxa2 33. Rxa2 Nc4
34. Rf4 Ne5 35. Rd2 Kf8 36. Kf2 Ng6 37. Rg4 Rc8 38. Ke3 Ne5 39. Rh4 Kg8 40. Ke2
Rb7 41. Rxh3 f6 42. Rh5 Rc4 43. Ke3 Rc1 44. Kf2 Rb8 45. Ne7+ Kf7 46. Nf5 Kg8
47. Ne7+ Kf7 48. Nf5 g6 49. Nd6+ Kg7 50. Rh4 Rc3 51. a4 Nd3+ 52. Ke2 Nxb4 53.
Nb5 Rc2 54. e5 Rxd2+ 55. Kxd2 Rd8+ 56. Ke2 Nc6 57. Nc7 Rd7 58. Ne8+ Kf7 59.
Nxf6 Re7 60. Rh7+ Ke6 61. Rxe7+ Kxe7 62. Ng4 Ke6 63. Kd3 Nxe5+ 64. Nxe5 Kxe5
65. Kc4 a6 66. h3 Ke4 67. g4 Kf4 68. Kd5 b5 69. axb5 axb5 70. Kc5 Kg3 71. Kxb5
Kxh3 72. g5 Kg4 73. Kc4 Kxg5 74. Kd3 Kf4 75. Ke2 Kg3 76. Kf1 Kh2 77. Kf2 g5 78.
Kf3 Kh3 79. Kf2 g4 80. Kg1 g3 81. Kh1 Kg4 82. Kg2 Kf4 83. Kg1 Kf3 84. Kf1
1/2-1/2

[Event "World Senior Team ch 1st"]
[Site "Port Erin IOM"]
[Date "2004.10.08"]
[Round "4.4"]
[White "Smith, David"]
[Black "David, Vidya"]
[Result "1-0"]
[WhiteElo "1728"]
[BlackElo "800"]
[PlyCount "37"]
[EventDate "2004.10.05"]
[EventType "team-swiss"]
[EventRounds "8"]
[EventCountry "ENG"]
[SourceDate "2014.04.29"]
[WhiteTeam "Britain 3"]
[BlackTeam "Black and White Magazine"]
[WhiteTeamCountry "GBR"]
[BlackTeamCountry "IND"]

1. e4 e6 2. d4 d5 3. e5 Nc6 4. Nf3 Bd7 5. Be2 Be7 6. O-O f6 7. Nc3 fxe5 8. dxe5
h6 9. Re1 Nxe5 10. Nxe5 Nf6 11. Bh5+ Kf8 12. Ng6+ Kg8 13. Nxh8 Kh7 14. Nf7 Nxh5
15. Nxd8 Rxd8 16. Qxh5 Rg8 17. Nxd5 exd5 18. Rxe7 Ba4 19. Qxh6# 1-0

[Event "World Senior Team ch 1st"]
[Site "Port Erin IOM"]
[Date "2004.10.08"]
[Round "4.4"]
[White "Stepak, Yedael"]
[Black "Malich, Burkhard"]
[Result "1/2-1/2"]
[WhiteElo "2302"]
[BlackElo "2360"]
[PlyCount "44"]
[EventDate "2004.10.05"]
[EventType "team-swiss"]
[EventRounds "8"]
[EventCountry "ENG"]
[SourceDate "2014.04.29"]
[WhiteTeam "Israel"]
[BlackTeam "Germany"]
[WhiteTeamCountry "ISR"]
[BlackTeamCountry "GER"]

1. d4 d5 2. Nf3 Nf6 3. c4 c6 4. e3 g6 5. Nc3 Bg7 6. Be2 O-O 7. O-O e6 8. Rb1
Nbd7 9. b4 b6 10. a4 Bb7 11. Ba3 Re8 12. Qb3 a6 13. Rfd1 Qb8 14. Bb2 a5 15.
bxa5 Rxa5 16. Ba3 Ra7 17. Ra1 Rc8 18. cxd5 exd5 19. e4 dxe4 20. Ng5 Nd5 21.
Ngxe4 Nxc3 22. Nxc3 Ba6 1/2-1/2

[Event "World Senior Team ch 1st"]
[Site "Port Erin IOM"]
[Date "2004.10.09"]
[Round "5.1"]
[White "Heyns, Anthon"]
[Black "Zaric, Srboljub"]
[Result "0-1"]
[WhiteElo "2010"]
[BlackElo "2230"]
[PlyCount "58"]
[EventDate "2004.10.05"]
[EventType "team-swiss"]
[EventRounds "8"]
[EventCountry "ENG"]
[SourceDate "2014.04.29"]
[WhiteTeam "South Africa"]
[BlackTeam "Australia"]
[WhiteTeamCountry "RSA"]
[BlackTeamCountry "AUS"]

1. d4 d5 2. c4 c6 3. Nf3 Nf6 4. cxd5 cxd5 5. Nc3 Nc6 6. Bf4 a6 7. e3 g6 8. Rc1
Bg7 9. Bd3 O-O 10. Ne5 Nh5 11. Nxc6 bxc6 12. Bg5 Qd6 13. O-O e5 14. dxe5 Bxe5
15. h3 c5 16. Be2 Bb7 17. Bxh5 gxh5 18. Qxh5 d4 19. exd4 cxd4 20. Ne2 Qd5 21.
f3 f6 22. Bf4 d3 23. Qg4+ Kh8 24. Nc3 Qd4+ 25. Kh1 Qxf4 26. Qxf4 Bxf4 27. Rcd1
d2 28. Nb1 Rad8 29. Rf2 Rd3 0-1

[Event "World Senior Team ch 1st"]
[Site "Port Erin IOM"]
[Date "2004.10.09"]
[Round "5.1"]
[White "Howson, Jim"]
[Black "Littlewood, John E"]
[Result "0-1"]
[WhiteElo "2000"]
[BlackElo "2308"]
[PlyCount "134"]
[EventDate "2004.10.05"]
[EventType "team-swiss"]
[EventRounds "8"]
[EventCountry "ENG"]
[SourceDate "2014.04.29"]
[WhiteTeam "Essex"]
[BlackTeam "England"]
[WhiteTeamCountry "ENG"]
[BlackTeamCountry "ENG"]

1. e4 e5 2. Nf3 d6 3. d4 exd4 4. Nxd4 g6 5. c3 Bg7 6. Be3 Nf6 7. Bd3 O-O 8. O-O
d5 9. Bg5 dxe4 10. Bxe4 h6 11. Bxf6 Qxf6 12. Qf3 Qb6 13. Nb3 a5 14. Qe3 Qxe3
15. fxe3 a4 16. Nd4 Ra5 17. Bf3 Re5 18. Kf2 Rfe8 19. Re1 h5 20. Na3 Bh6 21.
Ndc2 Na6 22. Rad1 Nc5 23. Nc4 R5e7 24. Nb4 c6 25. e4 Bf4 26. g3 Bc7 27. e5 Bf5
28. Ne3 Be4 29. Nc4 Bf5 30. Ne3 Be6 31. Ng2 Bb6 32. Ne3 Bh3 33. Bg2 Bxg2 34.
Kxg2 Rxe5 35. Nec2 Ne4 36. Nd3 R5e7 37. Na3 f5 38. Nc4 Bc7 39. Nf4 Kg7 40. h4
Nxg3 41. Rxe7+ Rxe7 42. Kxg3 Bxf4+ 43. Kxf4 Re4+ 44. Kg3 Rg4+ 45. Kh3 Rxc4 46.
Rd7+ Kf6 47. Rxb7 a3 48. bxa3 Rxc3+ 49. Kg2 Rxa3 50. Rb2 Ke5 51. Kh2 c5 52. Rg2
c4 53. Rxg6 Rxa2+ 54. Kg3 c3 55. Rc6 Rc2 56. Rc5+ Ke4 57. Rc4+ Ke3 58. Rc5 f4+
59. Kh3 Rc1 60. Re5+ Kd4 61. Re2 f3 62. Rf2 Rh1+ 63. Kg3 Ke4 64. Ra2 Rg1+ 65.
Kh3 Kd3 66. Rf2 c2 67. Rxf3+ Ke4 0-1

[Event "World Senior Team ch 1st"]
[Site "Port Erin IOM"]
[Date "2004.10.09"]
[Round "5.1"]
[White "Uhlmann, Wolfgang"]
[Black "Wade, Robert G"]
[Result "1-0"]
[WhiteElo "2406"]
[BlackElo "2174"]
[PlyCount "101"]
[EventDate "2004.10.05"]
[EventType "team-swiss"]
[EventRounds "8"]
[EventCountry "ENG"]
[SourceDate "2014.04.29"]
[WhiteTeam "Germany"]
[BlackTeam "England II"]
[WhiteTeamCountry "GER"]
[BlackTeamCountry "ENG"]

1. c4 d6 2. d4 e5 3. Nf3 Nd7 4. e4 Be7 5. Nc3 Ngf6 6. Be2 O-O 7. O-O c6 8. b4
exd4 9. Nxd4 d5 10. exd5 Bxb4 11. Qb3 Bxc3 12. Qxc3 cxd5 13. Rd1 Re8 14. Be3
Qe7 15. Nb5 Nb6 16. c5 Nc4 17. Bxc4 dxc4 18. Nd6 Rd8 19. Qxc4 b6 20. Qh4 Bg4
21. Re1 bxc5 22. Bf4 Qd7 23. Be5 Bf5 24. Bxf6 gxf6 25. Rad1 Kg7 26. Rd5 Bg6 27.
h3 Qc6 28. Red1 c4 29. Qg3 Rdb8 30. Qc3 Rb6 31. R5d4 Qa4 32. R1d2 Rab8 33. Rxc4
Qa6 34. Rcd4 Rc6 35. Qg3 Rg8 36. Kh2 Qf1 37. Rd1 Qe2 38. R4d2 Qe6 39. f4 Kh8
40. Qf3 Rc5 41. Re2 Qd7 42. Qe3 Qc6 43. Qd4 Kg7 44. Rdd2 Bf5 45. Re3 Be6 46.
Rg3+ Kf8 47. Rxg8+ Kxg8 48. Qxf6 Rd5 49. Nxf7 h5 50. Ne5 Qb6 51. Qg6+ 1-0

[Event "World Senior Team ch 1st"]
[Site "Port Erin IOM"]
[Date "2004.10.09"]
[Round "5.1"]
[White "Vucenovic, Dragomir"]
[Black "Murey, Jacob"]
[Result "1/2-1/2"]
[WhiteElo "2302"]
[BlackElo "2450"]
[PlyCount "87"]
[EventDate "2004.10.05"]
[EventType "team-swiss"]
[EventRounds "8"]
[EventCountry "ENG"]
[SourceDate "2014.04.29"]
[WhiteTeam "Switzerland"]
[BlackTeam "Israel"]
[WhiteTeamCountry "SUI"]
[BlackTeamCountry "ISR"]

1. d4 Nf6 2. g3 d5 3. Bg2 c6 4. Nf3 Bf5 5. O-O h6 6. Nbd2 e6 7. c4 Be7 8. b3
O-O 9. Bb2 a5 10. a3 Nbd7 11. Rc1 b5 12. c5 b4 13. a4 Qc7 14. Re1 g5 15. h4 Ne4
16. hxg5 hxg5 17. Ne5 Nxe5 18. dxe5 Nxc5 19. Bd4 Ne4 20. Nxe4 dxe4 21. Qc2 c5
22. Bxe4 Rad8 23. Red1 Rd5 24. Bxf5 exf5 25. Ba1 Rxd1+ 26. Rxd1 Rd8 27. Rd3
Rxd3 28. Qxd3 Qc8 29. f4 Qe6 30. Bb2 gxf4 31. gxf4 Qg6+ 32. Kf1 Qg4 33. Qf3
Qxf3+ 34. exf3 c4 35. bxc4 Bc5 36. Ke2 Kf8 37. Kd3 Ke7 38. Bd4 Bxd4 39. Kxd4
Ke6 40. c5 Ke7 41. Kd3 Kd7 {(=)} 42. Kd4 Kc7 43. Kd3 Kb7 44. Kd4 1/2-1/2

[Event "World Senior Team ch 1st"]
[Site "Port Erin IOM"]
[Date "2004.10.09"]
[Round "5.1"]
[White "Wilson, Peter"]
[Black "Gill, Neville"]
[Result "0-1"]
[WhiteElo "2169"]
[BlackElo "2046"]
[PlyCount "64"]
[EventDate "2004.10.05"]
[EventType "team-swiss"]
[EventRounds "8"]
[EventCountry "ENG"]
[SourceDate "2014.04.29"]
[WhiteTeam "Britain 3"]
[BlackTeam "Chessmann"]
[WhiteTeamCountry "GBR"]
[BlackTeamCountry "IOM"]

1. d4 Nf6 2. e3 d5 3. f4 g6 4. Nf3 Bg7 5. Bd3 O-O 6. O-O c5 7. c3 b6 8. Ne5 Bb7
9. Nd2 Nbd7 10. Ndf3 Ne4 11. Bd2 f6 12. Nxd7 Qxd7 13. Be1 Rae8 14. Bxe4 dxe4
15. Nd2 cxd4 16. cxd4 e5 17. fxe5 fxe5 18. Rxf8+ Rxf8 19. Nb3 Ba6 20. h3 exd4
21. Nxd4 Rf1+ 22. Kh2 Be5+ 23. g3 Bc8 24. Qg4 Qxg4 25. hxg4 Bxg4 26. b3 Bf3 27.
Bc3 Rf2+ 28. Kh3 h5 29. Ne2 Bxc3 30. Nxc3 g5 31. g4 hxg4+ 32. Kg3 Rg2# 0-1

[Event "World Senior Team ch 1st"]
[Site "Port Erin IOM"]
[Date "2004.10.09"]
[Round "5.2"]
[White "Farrand, Julian"]
[Black "Hecht, Hans-Joachim"]
[Result "1/2-1/2"]
[WhiteElo "2205"]
[BlackElo "2389"]
[PlyCount "28"]
[EventDate "2004.10.05"]
[EventType "team-swiss"]
[EventRounds "8"]
[EventCountry "ENG"]
[SourceDate "2014.04.29"]
[WhiteTeam "England II"]
[BlackTeam "Germany"]
[WhiteTeamCountry "ENG"]
[BlackTeamCountry "GER"]

1. d4 Nf6 2. Nc3 d5 3. Bg5 Bf5 4. Bxf6 gxf6 5. e3 e6 6. Bd3 Bg6 7. f4 Bxd3 8.
Qxd3 c6 9. Nf3 f5 10. Ne5 f6 11. Nf3 Nd7 12. O-O c5 13. b3 Rc8 14. Ne2 Nb6
1/2-1/2

[Event "World Senior Team ch 1st"]
[Site "Port Erin IOM"]
[Date "2004.10.09"]
[Round "5.2"]
[White "James, Geoffrey H"]
[Black "Ellison, D George"]
[Result "1/2-1/2"]
[WhiteElo "2224"]
[BlackElo "2097"]
[PlyCount "87"]
[EventDate "2004.10.05"]
[EventType "team-swiss"]
[EventRounds "8"]
[EventCountry "ENG"]
[SourceDate "2014.04.29"]
[WhiteTeam "England"]
[BlackTeam "Essex"]
[WhiteTeamCountry "ENG"]
[BlackTeamCountry "ENG"]

1. e4 c5 2. Nf3 a6 3. c4 Nc6 4. d4 cxd4 5. Nxd4 Nf6 6. Nc3 d6 7. Be2 e6 8. O-O
Be7 9. Be3 Bd7 10. f4 Nxd4 11. Bxd4 Bc6 12. Bf3 O-O 13. Qe2 Qc7 14. Rac1 b6 15.
Nd5 exd5 16. cxd5 Bb5 17. Rxc7 Bxe2 18. Bxe2 Bd8 19. Rc6 Nxe4 20. Rfc1 b5 21.
Bd3 Bf6 22. Bxf6 Nxf6 23. Rxd6 Rfd8 24. Rcc6 Nxd5 25. Rxa6 Nb4 26. Rxa8 Rxa8
27. Bxb5 Nxa2 28. Bc4 Nb4 29. Rd7 Rf8 30. Rb7 Nc6 31. b4 g6 32. Bd5 Nd4 33. b5
Ne2+ 34. Kf1 Nxf4 35. Bxf7+ Kg7 36. Bd5+ Kh6 37. Bf3 Ne6 38. Rd7 Nc5 39. Rd5
Na4 40. Rd6 Rb8 41. Ra6 Nc5 42. Ra7 Rxb5 43. h4 g5 44. hxg5+ 1/2-1/2

[Event "World Senior Team ch 1st"]
[Site "Port Erin IOM"]
[Date "2004.10.09"]
[Round "5.2"]
[White "Nicolson, Jim"]
[Black "Flockhart, Hugh"]
[Result "1/2-1/2"]
[WhiteElo "1648"]
[BlackElo "1926"]
[PlyCount "84"]
[EventDate "2004.10.05"]
[EventType "team-swiss"]
[EventRounds "8"]
[EventCountry "ENG"]
[SourceDate "2014.04.29"]
[WhiteTeam "Chessmann"]
[BlackTeam "Britain 3"]
[WhiteTeamCountry "IOM"]
[BlackTeamCountry "GBR"]

1. c4 e5 2. Nc3 Nf6 3. Nf3 Nc6 4. g3 d5 5. cxd5 Nxd5 6. Bg2 Nb6 7. O-O Be7 8.
d3 O-O 9. Be3 Re8 10. a3 Bf8 11. Na4 Nxa4 12. Qxa4 Bd7 13. Qc4 Bd6 14. Qc2 Be6
15. Ng5 Bd7 16. Bd5 Rf8 17. d4 g6 18. dxe5 Bxe5 19. f4 Bf6 20. Qc4 Qe7 21. Bc5
Qxc5+ 22. Qxc5 Bd4+ 23. Qxd4 Nxd4 24. e3 Nc2 25. Rac1 Nxe3 26. Rxc7 Rad8 27.
Bxf7+ Rxf7 28. Nxf7 Kxf7 29. Rf3 Nd5 30. Rxb7 Ke6 31. Rxa7 Bc6 32. Kf2 Kf5 33.
h3 h5 34. Ra5 Ke4 35. Rc5 Ba8 36. Ke2 Kd4 37. b4 Nxb4 38. axb4 Bxf3+ 39. Kxf3
Rb8 40. Rc6 Rxb4 41. Rxg6 Rb3+ 42. Ke2 Rb2+ 1/2-1/2

[Event "World Senior Team ch 1st"]
[Site "Port Erin IOM"]
[Date "2004.10.09"]
[Round "5.2"]
[White "Tseitlin, Mark"]
[Black "Bhend, Edwin"]
[Result "1-0"]
[WhiteElo "2406"]
[BlackElo "2246"]
[PlyCount "75"]
[EventDate "2004.10.05"]
[EventType "team-swiss"]
[EventRounds "8"]
[EventCountry "ENG"]
[SourceDate "2014.04.29"]
[WhiteTeam "Israel"]
[BlackTeam "Switzerland"]
[WhiteTeamCountry "ISR"]
[BlackTeamCountry "SUI"]

1. e4 c5 2. Nf3 Nc6 3. Bb5 g6 4. O-O Bg7 5. c3 Nf6 6. Re1 O-O 7. h3 e5 8. d4
cxd4 9. cxd4 exd4 10. e5 Ne8 11. Bg5 f6 12. exf6 Nxf6 13. Na3 a6 14. Bf1 d5 15.
Nxd4 Qd6 16. Nac2 Ne4 17. Be3 Ne5 18. Rc1 Bd7 19. Na3 Kh8 20. Nb1 Rae8 21. Rc2
b5 22. b3 b4 23. Qe2 Bc8 24. Rec1 Bb7 25. Qd1 Re7 26. Ne2 Nc6 27. Nd4 Nd8 28.
Qd3 h6 29. Nd2 Rfe8 30. Nxe4 dxe4 31. Qc4 Rd7 32. Rd2 Qe7 33. Qc5 Kh7 34. Qa5
Rd5 35. Qb6 a5 36. Rc7 Rd7 37. Rxd7 Qxd7 38. Bb5 1-0